000 00307 a2200145 4500
001 62265
020 _a
040 _cAnchieta - Pituba
240 1 0 _aGrimm's fairy tales
_lpor
245 1 0 _aGrimm's fairy tales
300 _a45
362 0 _a1992
650 4 _aLiteratura juvenil em inglês
942 _cBK
999 _c62265
_d62265